00488nam a2200157Ia 4500003000400000005001700004008004100021020001800062040001700080100001300097245002800110260001500138942001200153999001500165952015000180OSt20240326104655.0170524s9999 xx 000 0 und d a9788172246440 cIIMTU MEERUT ayagarjan 4aThe power of friendship bJaico Pub. 2ddcc02 c6623d6623 00102ddc4070a01b01d2017-06-01fDepartmentp01-B-75262r2017-06-01w2017-06-01y20zCentral Library to Hotel Management Departmental Library